000 00773nam a2200253 i 4500
001 13185
003 ES-MaACL
005 20250701212924.0
007 t|
008 960918s1996 sp ||||0| spa j
020 _a84-7923-083-5
040 _aM-BN
_bspa
_cM-BN
080 _a32 Machiavèlli, Niccoláo
100 1 _aBermudo Avila, José Manuel.
_928154
245 1 0 _aNicolás Maquiavelo (1469-1527) /
_cJosé Manuel Bermudo.
250 _a1ª ed.
260 _aMadrid :
_bEdiciones del Orto,
_c1996.
300 _a94 p ;
_c17 cm.
490 1 _aBiblioteca filosófica
600 1 4 _aMachiavèlli, Niccolò-
_xCrítica e interpretación.
_975182
830 0 0 _aBiblioteca filosófica
_9179275
852 _aES-MaACL
_jL-20555
_bR.125219
999 _c13185
_d13185